| 000 | 01100cam a2200301 i 4500 | ||
|---|---|---|---|
| 001 | 23423192 | ||
| 003 | OSt | ||
| 005 | 20260422144656.0 | ||
| 008 | 231214s2022 cc b 001 0 eng | ||
| 020 | _a9781098116743 (Paperback) | ||
| 040 |
_aDLC _beng _erda _cDLC _dNUST |
||
| 050 | 0 | 0 |
_aTK5105.5 _bBRI |
| 100 | 1 |
_aBrikman, Yevgeniy _eauthor |
|
| 245 | 1 | 0 |
_aTerraform : _bup and running : writing infrastructure as code / _cYevgeniy Brikman. |
| 250 | _aThird edition. | ||
| 260 |
_aSebastopol, California : _bO'Reilly Media, Inc., _c©2022. |
||
| 300 |
_axxiii, 432 pages : _billustrations ; _c24 cm. |
||
| 336 |
_atext _btxt _2rdacontent |
||
| 337 |
_aunmediated _bn _2rdamedia |
||
| 338 |
_avolume _bnc _2rdacarrier |
||
| 504 | _aIncludes bibliographical references and index. | ||
| 650 | 0 |
_aComputer networks _xManagement. |
|
| 650 | 0 |
_aComputer software _xDevelopment. |
|
| 650 | 0 |
_aOperating systems (Computers) _vSoftware. |
|
| 650 | 0 |
_aOperating systems (Computers) _vSoftware. |
|
| 650 | 0 | _aCloud computing. | |
| 942 |
_2lcc _cBOOKS _eThird edition. _hTK5105.5 BRI _kTK _mBRI _n0 |
||
| 999 |
_c171994 _d171994 |
||